01254cam a2200301Ia 4500001000700000003000600007008004100013040000800054041001300062090001100075100003500086245017900121246012100300260001000421300004500431502004600476504005700522538003800579546002300617650002200640650003900662650004500701856006400746596000600810942001300816952010600829999001700935u41052SIRSI090514s2004 ua a 000 0 eng d aEAL aengbara aCD-9631 aGameel, Salah Mahmoud Mohamed.10aEco-biological studies on the black melon bug, Coridius (Aspongopus ) viduatus F. (Hemiptera: Pentatomidae) in the new valleyh[computer file]/cSalah Mahmoud Mohamed Gameel.15aدراسات ايكوبيولوجية على حشرة بق أوراق البطيخ فى الوادى الجديد. c2004. aComputer laser optical disks;c4 3/4 in. aThesis (Ph.D.) --Assiut University, 2004. aIncludes bibliographical refrences (leaves 167-194). aSystems requirments:Adobe Reader. aSummary in Arabic. 0aHemipterazEgypt. 0aCucurbitaceaexDiseases and pests. 0aWatermelonxDisease and pest resistance.40uhttp://nile.enal.sci.eg/thesis/963.pdfzContent & Abstract. a1 cETH2lcc 00102lcc4070aENALbENALd2018-02-19l0oCD-963pCD000963r2018-02-19 00:00:00t1w2018-02-19yETH c18103d18103